| 000 | 00367 a2200157 4500 | ||
|---|---|---|---|
| 001 | 191546 | ||
| 020 | _a85-305-0236-1 | ||
| 040 | _cMagnum | ||
| 100 | _aMartinelli, Tânia Alexandre | ||
| 240 | 1 | 0 |
_aTem um avô no meu quintal _lpor |
| 245 | 1 | 0 | _aTem um avô no meu quintal |
| 300 | _a45 | ||
| 362 | 0 | _a2000 | |
| 697 | _aLITERATURA INFANTO-JUVENIL | ||
| 942 | _cBK | ||
| 999 |
_c191546 _d191546 |
||